寡占 : 現代の経済機構

Uloženo v:
Podrobná bibliografie
Hlavní autor: 宮崎義一(みやざき よしかず)
Médium: Kniha
Jazyk:Undetermined
Vydáno: 東京 岩波書店 1972
Témata:
Tagy: Přidat tag
Žádné tagy, Buďte první, kdo otaguje tento záznam!
Thư viện lưu trữ: Trung tâm Học liệu Trường Đại học Cần Thơ
LEADER 00508nam a2200193Ia 4500
001 CTU_95836
008 210402s9999 xx 000 0 und d
082 |a 338.8 
082 |b M685 
100 |a 宮崎義一(みやざき よしかず) 
245 0 |a 寡占 : 
245 0 |b 現代の経済機構 
245 0 |c 宮崎義一 
260 |a 東京 
260 |b 岩波書店 
260 |c 1972 
650 |a Monopolies 
904 |i Ngoc 
980 |a Trung tâm Học liệu Trường Đại học Cần Thơ